000 00423nam a2200157Ia 4500
008 210716s2007 xx 000 0 und d
020 _a0324422571
041 _aeng
082 _a658.4 HELD
100 _aHellriegel, Don;Slocum, John W.
245 _aOrganizational behavior.
250 _a11
260 _aAustralia
_bThomson south western
_c2007
300 _axxviii,514,A-4,I-20
650 _aOrganisational Behavior
999 _c203041
_d203041